Géographie - Les affluents de la Seine - Statistiques

Statistiques générales
  • Ce quiz a été pris 46 fois
  • Le résultat moyen est 6 sur 51
Statistiques - réponses
Rive Initiale Réponse % Correct
Droite M Marne
90%
Droite O Oise
88%
Gauche Y Yonne
81%
Gauche E Eure
69%
Droite A Aube
62%
Gauche E Essonne
57%
Gauche L Loing
43%
Gauche B Bièvre
33%
Gauche O Orge
33%
Droite E Epte
24%
Droite Y Yerres
21%
Droite A Andelle
12%
Droite V Voulzie
7%
Gauche O Orvin
5%
Droite O Ource
5%
Droite A Aubette
2%
Droite A Austreberthe
2%
Droite B Barse
2%
Droite C Cailly
2%
Gauche E Ecole
2%
Droite L Lézarde
2%
Gauche M Mauldre
2%
Droite A Aimont
0%
Droite A Arce
0%
Gauche A Ardusson
0%
Droite AdM Aubette de Meulan
0%
Droite A Auxence
0%
Droite B Brévon
0%
Droite C Châtelet
0%
Droite C Commerce
0%
Gauche F Faverolle
0%
Droite G Gambon
0%
Gauche H Hozain
0%
Gauche L Laigne
0%
Droite N Noze
0%
Gauche O Oison
0%
Droite R Resson
0%
Droite R Revinson
0%
Gauche R Risie
0%
Droite R Robec
0%
Gauche RdMaE Ru de la Mare aux Evées
0%
Gauche RdM Ru de Marivel
0%
Droite RdM Ru de Montfort
0%
Gauche RdO Ru d'Orgeval
0%
Droite RdM Ruisseau des Méances
0%
Droite SG Sainte-Gertrude
0%
Gauche S Sarce
0%
Droite T Télhuet
0%
Droite VJ Vallée Javot
0%
Gauche V Vaucouleurs
0%
Droite VM Vieille Mer
0%
Aucun quiz correspondant
Distribution des résultats
% des personnes avec chaque résultat
Percentile par nombre de réponses
Votre historique - résultats
Vous n’avez pas pris ce quiz